000 00642nam a2200193Ia 4500
005 20250508164329.0
008 008 250505s9999 xx 000 0 eng d
020 _a81-7450-640-3
037 _aReference
040 _aFEDL
_beng
_cFEDL
041 _aeng
_2eng
084 _a657, NCE/RR
_qFEDL
245 0 _aAccountancy : Not - for - profit organisation and partnership accounts : Textbook for class 12th
245 0 _cNCERT (New Delhi India)
260 _aNew Delhi, India
_bNational Council of Educational Research and Training
_c2007
300 _aviii,260p
942 _cREF
_h657, NCE/RR
999 _c1388457
_d1388457